Welche Film ist das? #4 Bilderrätsel Weihnachtsedition - Statistiken

Allgemein
  • Dieses Quiz wurde 57 mal gespielt
  • Das Durchschnittsergebnis liegt bei 5 aus 16
Antwortstatistiken
Bildquiz Antwort % Korrekt
Der Grinch
96%
Der kleine Lord
65%
Drei Haselnüsse für Aschenbrödel
63%
Charlie und die Schokoladenfabrik
61%
Stirb langsam
55%
Kevin - Allein zu Haus
53%
Santa Clause – Eine schöne Bescherung
35%
Nightmare Before Christmas
33%
Die Geister, die ich rief
22%
Last Christmas
18%
Versprochen ist Versprochen
14%
Liebe braucht keine Ferien
12%
Rudolph mit der roten Nase
10%
Violent Night
6%
Die Highligen Drei Könige
4%
Mein Schatz, unsere Familie und ich
2%
Keine übereinstimmenden Quizze gefunden
Verteilung der Resultate
Anzahl Personen mit jedem Resultat
Perzentil nach korrekt beantworteten Fragen
Ihre Resultats-Entwicklung
Sie haben dieses Quiz noch nicht gespielt